Wszyscy kierowcy F1 (2026-2018) - Statystyki

Ogólne statystyki
  • Ten quiz został rozwiązany 27 razy
  • Średni wynik to 16 z 44
Statystyki odpowiedzi
Ostatni sezon Ostatnia drużyna Kraj Odpowiedź % Poprawnych
- McLaren Wielka Brytania Lando Norris
100%
- McLaren Australia Oscar Piastri
86%
- Red Bull Holandia Max Verstappen
79%
- Williams Hiszpania Carlos Sainz
64%
2025 Red Bull Japonia Yuki Tsunoda
64%
- Ferrari Monako Charles Leclerc
57%
2024 Racing Bulls Australia Daniel Ricciardo
57%
- Aston Martin Hiszpania Fernando Alonso
57%
- Alpine Francja Pierre Gasly
57%
- Haas Francja Esteban Ocon
50%
- Alpine Argentyna Franco Colapinto
50%
- Audi Brazylia Gabriel Bortoleto
50%
2025 Alpine Australia Jack Doohan
50%
2024 Haas Dania Kevin Magnussen
50%
- Aston Martin Kanada Lance Stroll
50%
- Ferrari Wielka Brytania Lewis Hamilton
50%
- Racing Bulls Nowa Zelandia Liam Lawson
50%
- Audi Niemcy Nico Hulkenberg
50%
- Cadillac Meksyk Sergio Perez
50%
- Williams Tajlandia Alex Albon
43%
- Mercedes Wielka Brytania George Russell
43%
- Mercedes Włochy Kimi Antonelli
43%
2022 Aston Martin Niemcy Sebastian Vettel
43%
- Cadillac Finlandia Valteri Bottas
43%
- Red Bull Francja Isack Hadjar
36%
2021 Alfa Romeo Polska Robert Kubica
36%
2022 Williams Kanada Nicolas Latifi
29%
- Haas Wielka Brytania Olivier Bearman
29%
2024 Williams USA Logan Sargeant
21%
2021 Alfa Romeo Włochy Antonio Giovinazzi
14%
- Racing Bulls Szwecja Arvid Lindblad
14%
2021 Alfa Romeo Finlandia Kimi Raikkonen
14%
2022 Haas Niemcy Mick Schumacher
14%
2021 Haas Rosja Nikita Mazepin
14%
2024 Kick Sauber Chiny Guanyu Zhou
7%
2023 Alpha Tauri Holandia Nyck De Vries
7%
2020 Haas Francja Romain Grosjean
7%
2018 Torro Rosso Nowa Zelandia Brendon Hartley
0%
2020 Alpha Tauri Rosja Daniel Kvyat
0%
2020 Williams Wielka Brytania Jack Aitken
0%
2018 Sauber Szwecja Marcus Ericsson
0%
2020 Haas Brazylia Pietro Fittipaldi
0%
2018 Williams Rosja Siergiej Sirotkin
0%
2018 McLaren Belgia Stoffel Vandoorne
0%
Nie znaleziono quizów pasujących do podanych kryteriów
Rozkład punktacji
Procent ludzi z każdym wynikiem
Percentyl według liczby udzielonych odpowiedzi
Twoja historia wyników
Nie rozwiązałeś tego quizu